[Event "Petroupoli ASOP Dias Seniors op"]
[Site "Petroupoli"]
[Date "2013.01.19"]
[Round "1.10"]
[White "Theodosopoulos, Konstantinos V"]
[Black "Foutouhos, Spyridon"]
[Result "0-1"]
[WhiteElo "1129"]
[BlackElo "1576"]
[PlyCount "90"]
[EventDate "2013.01.19"]
[EventType "swiss"]
[EventRounds "7"]
[EventCountry "GRE"]
[SourceTitle "EXT 2024"]
[Source "ChessBase"]
[SourceDate "2023.10.10"]
[SourceVersion "1"]
[SourceVersionDate "2023.10.10"]
[SourceQuality "1"]

1. e4 e6 2. d4 d5 3. e5 c5 4. c3 Nc6 5. Nf3 Nh6 6. Bxh6 gxh6 7. Nbd2 Qb6 8. Qb3 Bd7 9. Qxb6 axb6 10. Bb5 Nxe5 11. Bxd7+ Nxd7 12. 0-0 Bg7 13. Rfe1 0-0 14. Ne5 Nxe5 15. dxe5 b5 16. Re3 Kh8 17. g3 Ra7 18. Rf3 b6 19. Re3 Rfa8 20. a3 b4 21. cxb4 cxb4 22. f4 Bf8 23. Rb3 Bc5+ 24. Kf1 bxa3 25. bxa3 h5 26. Nb1 Kg7 27. Ke2 Ra4 28. Kf3 Kg6 29. g4 hxg4+ 30. Kxg4 h5+ 31. Kg3 h4+ 32. Kf3 Kf5 33. Ra2 Rxf4+ 34. Kg2 Kxe5 35. Re2+ Kd6 36. Rc2 Ke7 37. Rf3 Rxf3 38. Kxf3 Rg8 39. Rg2 Rxg2 40. Kxg2 d4 41. Kh3 d3 42. Kxh4 Bxa3 43. Kg3 Bd6+ 44. Kg2 Bf4 45. Kf2 b5 0-1